Kamjana u Prjašovi

Bibliographic Details
Main Author: Gaj, Marek (Author)
Format: Article
Language:Slavic languages
PhysicalDescription:Fotogr.
Subjects:

MARC

LEADER 00000nab a2200000 a 4500
001 vtls000722117
003 SK-MaSNL
005 20260318121905.0
008 240612c2000 xo 0 sla
015 |a SNBRB2000/05-13743 
035 |a CLN000074284 
040 |a SNKBUCL  |b slo  |c SNKBUCL  |e AACR2 
041 0 |a sla  |a rue 
044 |a xo  |c SK 
080 |a 793.31:784.4:061.7  |2 UDC-MRF-SK2 
080 |a 784.4  |2 UDC-MRF-SK2 
100 1 |a Gaj, Marek  |4 aut  |9 341209 
245 1 0 |a Kamjana u Prjašovi  |c Marek Gaj 
300 |b Fotogr. 
610 7 |a Kamenná (folklórny súbor : Medzilaborce, Slovensko)  |x vystúpenie  |y november 2000  |2 snkbucl  |9 1588141 
651 7 |a Prešov (Slovensko)  |2 snkbucl  |9 17347 
651 7 |a Medzilaborce (Slovensko : okres)  |2 snkbucl  |9 29394 
655 7 |a články z novín a časopisov  |2 snkbucl  |9 267496 
773 0 |t Narodny novynky  |g Roč. 10, č. 9-10 (2000), s. 2 
850 |a Slovenská národná knižnica v Martine 
852 |a SNK  |b KIS3GCP 
958 |a RBX 
999 |c 3255048  |d 3256978